Movies Quiz

Random Movies or Actress Quiz

Gimme Five: Actors And Actresses Quiz Stats

 Plays Quiz Updated Dec 5, 2018

Also try: Actor by Clip
Challenge
Share
Tweet
Embed
Score 0/24 Timer 05:00
4 Plays Today
Movies Actor / Actress % Correct
Sleepy Hollow; Edward Scissorhands; Alice In Wonderland; Pirates Of The Caribbean: Curse Of The Black Pearl; Finding NeverlandJohnny Depp
93.3%
Top Gun; War Of The Worlds; Cocktail; Mission: Impossible; Jerry MaguireTom Cruise
93.1%
The Pursuit Of Happyness; Enemy Of The State; Ali; Independence Day; I Am LegendWill Smith
92.7%
The Fifth Element; Die Hard; The Sixth Sense; In Country; ArmageddonBruce Willis
90.8%
The Bounty; Lethal Weapon; Payback; The Patriot; BraveheartMel Gibson
89.7%
Dirty Harry; Kelly's Heroes; A Fistful Of Dollars; The Good, The Bad And The Ugly; Gran TorinoClint Eastwood
86.8%
Con Air; Face/Off; National Treasure; Adaptation; Leaving Las VegasNicolas Cage
85.4%
Terms Of Endearment; One Flew Over The Cuckoo's Nest; The Shining; A Few Good Men; ChinatownJack Nicholson
85.4%
The Devil Wears Prada; Kramer Vs Kramer; Sophie's Choice; Mamma Mia!; Out Of AfricaMeryl Streep
83.9%
Vanilla Sky;There's Something About Mary; Shrek; Being John Malkovich; In Her ShoesCameron Diaz
82.9%
Raging Bull; Taxi Driver; Cape Fear; Goodfellas; The Deer HunterRobert De Niro
80.6%
The Negotiator; Coach Carter; The Incredibles; Jackie Brown; Pulp FictionSamuel L. Jackson
80.2%
Movies Actor / Actress % Correct
The Sound Of Music; Mary Poppins; Victor Victoria; Thoroughly Modern Millie; That's Life!Julie Andrews
76.5%
X-Men; Their Eyes Were Watching God; Gothika; Monster's Ball; Introducing Dorothy DandridgeHalle Berry
75.9%
L.A. Confidential; American Beauty; The Usual Suspects; Seven; 21Kevin Spacey
75.4%
Disclosure; Ghost; Indecent Proposal; The Scarlet Letter; A Few Good MenDemi Moore
74.5%
Breakfast At Tiffany's; Charade; Roman Holiday; The Nun's Story; War and PeaceAudrey Hepburn
71%
Fool's Gold; Almost Famous; Bride Wars; How To Lose A Guy In 10 Days; You, Me And DupreeKate Hudson
68.8%
The Hustler; Cool Hand Luke; Butch Cassidy And The Sundance Kid; Hud; Cat On A Hot Tin Roof'Paul Newman
66.4%
Sin City; The Eye; Fantastic Four; Honey; Awake'Jessica Alba
62.8%
Shine; The King's Speech; Shakespeare In Love; Pirates Of The Caribbean: The Curse Of The Black Pearl; QuillsGeoffrey Rush
52.1%
The Italian Job; Alfie; Zulu; The Quiet American; Educating RitaMichael Caine
49.5%
The Fabulous Baker Boys; Stardust; Dangerous Liaisons; Dangerous Minds; White OleanderMichelle Pfeiffer
49.4%
The Wicker Man; Dracula; The Man With The Golden Gun; The Lord Of The Rings: The Fellowship Of The Ring; The Skull'Christopher Lee
32%

You're not logged in!

Compare scores with friends on all Sporcle quizzes.
OR
Log In

You Might Also Like...

Show Comments

Extras

Top Quizzes Today


Score Distribution

Your Account Isn't Verified!

In order to create a playlist on Sporcle, you need to verify the email address you used during registration. Go to your Sporcle Settings to finish the process.

Report this User

Report this user for behavior that violates our Community Guidelines.

Details: